000 00640nam a2200181Ia 4500
008 100917s9999 xx 000 0 und d
082 _b63179
100 _aकोपर्डेकर हे. द.
245 _aसोनेरी तुरूंगात सहा आठवडे
260 _bंमंदार प्रकाशन
_c1983
300 _a119
365 _b18
520 _aप्रवास
630 _aसोनेरी तुरूंगात सहा आठवडे
650 _aप्रवास
730 _aसोनेरी तुरूंगात सहा आठवडे
942 _cBOOK
999 _c668573
_d668570